| 000 | 00753nam a22001817a 4500 | ||
|---|---|---|---|
| 008 | 120813t xxu||||| |||| 00| 0 eng d | ||
| 020 | _a0070503192 | ||
| 050 | _aHG4527.P65 | ||
| 100 | _aPollack, Kenan | ||
| 245 |
_aThe Real life investing guide. / _cKenan Pollack and Eric Heighberger |
||
| 260 |
_aNew York: _bMcGraw Hill, _cc1998. |
||
| 300 |
_axvi, 168p.: _bill.; _c23cm. |
||
| 500 | _aIncludes index | ||
| 505 | _aContents: Investing 101: just the facts -- Maximum securities: stocks and bonds -- From mosh pits to mutual funds -- Grad school, travel, or new wheels: savings for short-term goals -- Plaid trousers in the sun: investing for retirement -- Terms to know. | ||
| 650 | _bInvestment | ||
| 700 | _aHeighberger, Eric | ||
| 942 |
_2lcc _cBK |
||
| 999 |
_c1988 _d9488 |
||